书目信息 |
| 题名: |
营销渠道与客户关系策划
|
|
| 作者: | 周莹玉 编著 | |
| 分册: | ||
| 出版信息: | 北京 中国经济出版社 2003 |
|
| 页数: | 359页 | |
| 开本: | 24cm | |
| 丛书名: | 企业经营战略与专项策划丛书 | |
| 单 册: | ||
| 中图分类: | F274 | |
| 科图分类: | ||
| 主题词: | 企业管理:销售管理 | |
| 电子资源: | ||
| ISBN: | 7-5017-5861-1 | |
| 000 | 00962nam 2200241 450 | |
| 001 | 192004004149 | |
| 005 | 20070914110107.54 | |
| 010 | @a7-5017-5861-1@dCNY42.00 | |
| 100 | @a20070602d2003 em y0chiy0121 ea | |
| 101 | 0 | @achi |
| 102 | @aCN@b110000 | |
| 105 | @ay z 000yy | |
| 200 | 1 | @a营销渠道与客户关系策划@Aying xiao qu dao yu ke hu guan xi ce hua@f周莹玉编著 |
| 210 | @a北京@c中国经济出版社@d2003 | |
| 215 | @a359页@d24cm | |
| 225 | 2 | @a企业经营战略与专项策划丛书@Aqi ye jing ying zhan lue yu zhuan xiang ce hua cong shu |
| 330 | @a本书主要内容包括:营销策划、营销渠道策划、客户关系策划、营销渠道设计策划、营销渠道管理策划、和谐渠道策划、营销渠道的调整与新发展、国际营销渠道策划、客户关系策划、客户关系时代、企业变革:CRM起步、缔造客户关系和技术的力量等。 | |
| 410 | 0 | @12001 @a企业经营战略与专项策划丛书 |
| 606 | 0 | @a企业管理:销售管理 |
| 690 | @aF274@v4 | |
| 701 | 0 | @a周莹玉@Azhou ying yu@4编著 |
| 801 | 0 | @aCN@c20070914 |
| 905 | @dF274@eZ818 | |
| 营销渠道与客户关系策划/周莹玉编著.-北京:中国经济出版社,2003 |
| 359页;24cm.-(企业经营战略与专项策划丛书) |
| ISBN 7-5017-5861-1:CNY42.00 |
| 本书主要内容包括:营销策划、营销渠道策划、客户关系策划、营销渠道设计策划、营销渠道管理策划、和谐渠道策划、营销渠道的调整与新发展、国际营销渠道策划、客户关系策划、客户关系时代、企业变革:CRM起步、缔造客户关系和技术的力量等。 |
| ● |
| 相关链接 |
|
|
|
正题名:营销渠道与客户关系策划
索取号:F274/Z818
 
预约/预借
| 序号 | 登录号 | 条形码 | 馆藏地/架位号 | 状态 | 备注 |
| 1 | 618879 | 206188793 | 社科库409/409社科库 94排1列4层/ [索取号:F274/Z818] | 在馆 | |
| 2 | 618880 | 206188800 | 社科二线422/409社科库 94排1列5层/ [索取号:F274/Z818] | 在馆 | |
| 3 | 618881 | 206188819 | 社科二线422/409社科库 94排1列5层/ [索取号:F274/Z818] | 在馆 |